000 00565nam a2200157 4500
999 _c12549
_d12549
008 240219b ||||| |||| 00| 0 eng d
040 _aBMS College of Architecture
100 _aAditya Mishra
245 _aMillet research and tribal experience center: A Community and exploration hub, Koraput, Odisha
300 _a82p,
500 _a1CF19AT002
502 _8B,Arch
_NBMS College of Architecture, Visvesvaraya Technological University (VTU)
_aProject report
_d2023
650 _aTribal community center
700 _aDakshayini R Patil
_eGuide
942 _2ddc